Countries Most Similar To Angola - Statistics

General Stats
  • This quiz has been taken 24 times
  • The average score is 14 of 20
Answer Stats
Rank Country Score % Correct
2 Republic of the Congo 73.9
100%
3 DRC 73.4
87%
1 Mozambique 80.3
87%
7 Zambia 71.6
87%
4 Cameroon 72.5
80%
15 Equatorial Guinea 69.2
73%
16 Nigeria 69.1
73%
12 Zimbabwe 70.6
73%
10 Benin 70.8
67%
11 CAR 70.6
67%
20 Ghana 67.8
67%
9 Guinea 70.8
67%
18 South Sudan 68.8
67%
13 Burundi 70.3
60%
5 Guinea Bissau 72.2
60%
14 Rwanda 69.7
60%
8 Tanzania 71.6
60%
6 Togo 72.1
60%
17 Uganda 68.9
60%
19 Madagascar 68
53%
No matching quizzes found
Score Distribution
Percent of People with Each Score
Percentile by Number Answered
Your Score History
You have not taken this quiz